Diseño de un sistema de gestión de inventario para las bodegas de materia prima en Vegetales Fresquita S.A
Guardado en:
| Hovedforfatter: | |
|---|---|
| Andre forfattere: | , |
| Format: | Bog |
| Sprog: | Spanish |
| Udgivet: |
[San José, Costa Rica]
2015
|
| Fag: | |
| Tags: |
Tilføj Tag
Ingen Tags, Vær først til at tagge denne postø!
|
MARC
| LEADER | 00000nam a22000007a 4500 | ||
|---|---|---|---|
| 003 | 012139 | ||
| 005 | 20230622112456.0 | ||
| 008 | 150410b2015 cr a|||| |||| 00| 0 spa d | ||
| 040 | |c cru CEDI | ||
| 090 | |a TFG 7304 | ||
| 100 | |9 727 |a Trejos Madriz, Francinie | ||
| 245 | |a Diseño de un sistema de gestión de inventario para las bodegas de materia prima en Vegetales Fresquita S.A | ||
| 260 | |a [San José, Costa Rica] |c 2015 | ||
| 500 | |a Proyecto de graduación (licenciatura en ingeniería industrial)--Universidad de Costa Rica. Facultad de Ingeniería. Escuela de Ingeniería Industrial | ||
| 650 | |x INVENTARIOS |x CONTROL DE INVENTARIOS |x CONTROL INTERNO |x GESTION EMPRESARIAL |x VEGETALES FRESQUITA S.A. (COSTA RICA) |9 730 | ||
| 700 | |a Willink Castro, Teodoro, 1986- |d Director de Proyecto Eléctrico |9 728 | ||
| 700 | |9 729 |a Zamora Calvo, Pablo A | ||
| 942 | |c TFG | ||
| 999 | |c 13822 |d 13822 | ||
